000 00565nam a2200169 i 4500
001 70686
003 ES-MaACL
007 t|
008 040729s1981 sp ||||1| spa d
100 1 _aGarin, Eugenio.
_955558
245 1 3 _aLa revolución cultural del Renacimiento /
_cEugenio Garin ; prólogo de Miguel Angel Granada ; [traducción de Doménec Bergadá].
260 _aBarcelona :
_bCrítica,
_c[1981]
300 _a352 p. ;
_c20 cm.
700 1 _aGranada, Miguel Angel.
_959554
700 1 _aBergadá, Doménec.
_927918
852 _aES-MaACL
_jL-3495
_bR.104177
999 _c70686
_d70686